| 000 | 00530nam a2200181Ia 4500 | ||
|---|---|---|---|
| 999 |
_c15072 _d15072 |
||
| 003 | OSt | ||
| 005 | 20201116160138.0 | ||
| 008 | 190216s9999||||xx |||||||||||||| ||und|| | ||
| 040 | _coclc | ||
| 082 |
_a428.1 _bFUN/D |
||
| 100 |
_aFunk, Wilfred _96614 |
||
| 245 | 0 |
_a30 Days To A More Powerful Vocabulary / _cWilfred Funk ; Norman Lewis |
|
| 250 | _a1st Ed. | ||
| 260 |
_bGoyal Saab Jawahar Nagar, _c2005. _aDelhi; |
||
| 300 | _a244p | ||
| 650 | _aEnglish | ||
| 942 |
_cBK _2ddc _h428.1 _iFUN/D _k428.1 _mFUN/D |
||